000 01598nam a22003857a 4500
001 2089743
003 OSt
005 20210421074831.0
008 951026s1997 nyua b 001 0 eng
010 _a 95047449
020 _a0827360576
040 _aeng
_cDLC
_deng
_beng
041 _aeng
050 0 0 _aR858
_b.M386 1997
080 _a614
_bM-40
082 0 0 _a362.1/068/4
_220
100 1 _aMattingly, Rozella.
245 1 0 _aManagement of health information :
_bfunctions and applications /
_cRozella Mattingly.
260 _aAlbany, N.Y. :
_bDelmar Publishers,
_cc1997.
300 _axviii, 429 p. :
_bill. ;
_c25 cm.
440 4 _aThe health information management series
504 _aIncludes bibliographical references and index.
650 0 _aMedical informatics.
650 0 _aPublic Health
_9337
650 0 _aInformation resources management.
653 _aსაზოგადოებრივი ჯანდაცვა
653 _aსამედიცინო ინფორმატიკა
700 _9546
_aAnderson, Shirley
_eSeries Editor
856 4 2 _3Contributor biographical information
_uhttp://www.loc.gov/catdir/enhancements/fy1103/95047449-b.html
856 4 2 _3Publisher description
_uhttp://www.loc.gov/catdir/enhancements/fy1103/95047449-d.html
856 4 1 _3Table of contents only
_uhttp://www.loc.gov/catdir/enhancements/fy1103/95047449-t.html
906 _a7
_bcbc
_corignew
_d1
_eocip
_f19
_gy-gencatlg
942 _2udc
_cBK
999 _c716
_d716